Konkretizácia ďalšieho postupu procesu privatizácie v Slovenskej republike. 4
Postavenie priameno predaja vopred určenému vlastníkovi, ako metódy privatizácie v ďalšom postupe procesu privatizácie. Trvalá účasť FNM SR na privatizovaných podnikoch na účely presadzovania strategických zámerov štátu a režimu správy tejto účasti. Orientácia zahraničného kapitálu v procese privati...
Salvato in:
| Natura: | Capitolo di libro |
|---|---|
| Lingua: | slovacco |
| Soggetti: | |
| Tags: |
Nessun Tag, puoi essere il primo ad aggiungerne!!
|
MARC
| LEADER | 00000naa a2200000 4500 | ||
|---|---|---|---|
| 001 | r014212 | ||
| 005 | 20221213122857.3 | ||
| 041 | 0 | |a slo | |
| 044 | |a SK | ||
| 245 | 1 | 0 | |a Konkretizácia ďalšieho postupu procesu privatizácie v Slovenskej republike. 4 |
| 520 | |a Postavenie priameno predaja vopred určenému vlastníkovi, ako metódy privatizácie v ďalšom postupe procesu privatizácie. Trvalá účasť FNM SR na privatizovaných podnikoch na účely presadzovania strategických zámerov štátu a režimu správy tejto účasti. Orientácia zahraničného kapitálu v procese privatizácie. | ||
| 610 | 2 | 0 | |a privatizácia |
| 610 | 2 | 0 | |a Slovensko |
| 610 | 2 | 0 | |a podnikanie súkromné |
| 610 | 2 | 0 | |a kapitál zahraničný |
| 610 | 2 | 0 | |a úver |
| 610 | 2 | 0 | |a predaj priamy |
| 610 | 2 | 0 | |a kúpa |
| 610 | 2 | 0 | |a akcie |
| 610 | 2 | 0 | |a spoločnosti akciové |